Freya Skye songs - Statistics

General Stats
  • This quiz has been taken 381 times
  • The average score is 12 of 15
Answer Stats
Lyrics Song % Correct
We don't talk anymore, talk anymore Silent Treatment
97%
We could be friends but you're way too _____ Petty
96%
"What's it like to be his girlfriend?" Golden Boy
95%
I just wanna hold on, I'm scared of losing the moment Gold's Gone
94%
Build a bridge and _____ _____ Walk Over
93%
I don't miss us, I miss what I thought this was Who I Thought I Knew
88%
What if I go ____ _____ ____ My Own Way
87%
Have you ever died, a little bit inside Someone to Love
83%
______ ________ I'll stand a chance Maybe Tomorrow
80%
I can talk about you now without wanting to cry Why'd You Have To Call
79%
I'm coming back to you (unrealeased) London
76%
Im a sucker for a pretty face, Im a sucker mistake (unrealeased) Bad taste
72%
You're kind of like a ____ _____ _____ Dream Come True
66%
You could be, my _____ ______ Winter Dream
58%
With your ____ _____ next to mine Snow Angels
31%
No matching quizzes found
Score Distribution
Percent of People with Each Score
Percentile by Number Answered
Your Score History
You have not taken this quiz